000 00540nam a2200145Ia 4500
001 1070
008 241024s9999 xx 000 0 und d
082 _aRD/373.97293/R426pro/1
100 _aRepública Dominicana.Secretaria de Estado de Educación
245 0 _aProyecto Educación alimentaria y nutricional en Escuelas de Educación Básica primer ciclo Guia de Capacitación para Docentes de las Escuela de Educación Básica TCP/DOM
260 _bSanto Domingo
_c2009
590 _asi
901 _a28/12/2010 8:26:34 a.m.
999 _c8532
_d8532